000 00837nam a22002657a 4500
001 3301
003 FISKH
005 20250211091211.0
008 240226b cb ||||| |||| 00| 0 eng d
022 _29780439918800
040 _aFISK
_beng
_cFISK
_dFISK
050 _aPZ7.S86037
082 _a813.54
100 _aStine R.L
_d1943-
245 _aThe streets of panic park /
_cR.L Stine
260 _aNew York :
_bScholastic,
_c2009
300 _a136 pages :
_b20 cm
490 _aGoosebumps Horrorland
_vBook 12
505 _aF
520 _aHorror. Juvenile Fiction. Suspense. HTML: The kids who are trapped in Horror Land thought they had reason enough to panic. That was before they reached Panic Park.
521 8 _a370
_bLexile
521 8 _aF
_bRaz-Plus
700 _aR.L Stine
942 _2ddc
_cBK
_n0
999 _c3301
_d3301